000 00368pam a2200157a 44500
008 230515b2010 xxu||||| |||| 00| 0 eng d
020 _a8185938792
041 _aENGLISH
082 _a0
100 _aRAO / SITTING
245 _aOUTLINES OF CHEMICAL TECHNOLOGY
250 _a0
260 _aNEW DELHI
_bEAST - WEST PRESS
_c2010
300 _a802P
650 _aNULL
999 _c598297
_d598297